The Boy Scouts Book of Stories (Record no. 257981)
[ view plain ]
| 000 -LEADER | |
|---|---|
| fixed length control field | 01361cam a22002653a 4500 |
| 001 - CONTROL NUMBER | |
| control field | 28726 |
| 003 - CONTROL NUMBER IDENTIFIER | |
| control field | PGUSA |
| 005 - DATE AND TIME OF LATEST TRANSACTION | |
| control field | 20140828083624.0 |
| 008 - FIXED-LENGTH DATA ELEMENTS--GENERAL INFORMATION | |
| fixed length control field | 090508s2009||||xxu|||||s|||||000 | eng d |
| 040 ## - CATALOGING SOURCE | |
| Original cataloging agency | PGUSA |
| Language of cataloging | eng |
| 042 ## - AUTHENTICATION CODE | |
| Authentication code | dc |
| 050 #4 - LIBRARY OF CONGRESS CALL NUMBER | |
| Classification number | PN |
| 245 14 - TITLE STATEMENT | |
| Title | The Boy Scouts Book of Stories |
| Medium | [electronic resource] |
| 260 ## - PUBLICATION, DISTRIBUTION, ETC. (IMPRINT) | |
| Name of publisher, distributor, etc | Project Gutenberg, |
| Date of publication, distribution, etc | 2009 |
| 505 0# - FORMATTED CONTENTS NOTE | |
| Formatted contents note | The great big man / O. Johnson -- A twilight adventure / M.D. Post -- Tad Sheldon, second class scout / J.F. Wilson -- The red-headed league / A.C. Doyle -- The ransom of Red Chief / O. Henry -- The honk-honk breed / S.E. White -- The devil-fish / N. Duncan -- The jumping frog / Mark Twain --Bingism / B. Tarkingtorn -- Concho Curly at the op'ra / E.B. Bronson -- The lie / H. Hagedorn -- Story of the bandbox / R.L. Stevenson -- The hero and the cowboy / J.C. Lincoln -- The dollar / M. Robertson -- The mascot of "Troop 1" / S. Chalmers -- The lion's smile / T.W. Hanshew -- The roll-call of the reef / A.T. Quiller-Couch -- The house and the brain / E. Bulwer-Lytton. |
| 506 ## - RESTRICTIONS ON ACCESS NOTE | |
| Terms governing access | Public domain in the USA. |
| 516 ## - TYPE OF COMPUTER FILE OR DATA NOTE | |
| Type of computer file or data note | Electronic text |
| 653 ## - INDEX TERM--UNCONTROLLED | |
| Uncontrolled term | Short stories |
| 700 1# - ADDED ENTRY--PERSONAL NAME | |
| Personal name | Scott, Arthur D. |
| 700 1# - ADDED ENTRY--PERSONAL NAME | |
| Personal name | Mathiews, Franklin K. |
| 700 1# - ADDED ENTRY--PERSONAL NAME | |
| Personal name | Louderback, Walt |
| 830 #0 - SERIES ADDED ENTRY--UNIFORM TITLE | |
| Uniform title | Project Gutenberg |
| Volume number/sequential designation | 28726 |
| 856 40 - ELECTRONIC LOCATION AND ACCESS | |
| Uniform Resource Identifier | <a href="http://www.gutenberg.org/ebooks/28726">http://www.gutenberg.org/ebooks/28726</a> |
| 942 ## - ADDED ENTRY ELEMENTS (KOHA) | |
| Koha item type | eBooks |
| Withdrawn status | Lost status | Damaged status | Home library | Current library | Date acquired | Total Checkouts | Date last seen | Price effective from | Koha item type |
|---|---|---|---|---|---|---|---|---|---|
| Project Gutenberg | Project Gutenberg | 08/28/2014 | 08/28/2014 | 08/28/2014 | eBooks |